| 000 | 00684nam a2200205 a 4500 | ||
|---|---|---|---|
| 003 | MX-MxUPN | ||
| 005 | 20240612135921.0 | ||
| 008 | 991125s1930 mx a r 000 0 spa d | ||
| 035 | _aUPN01000052519 | ||
| 040 |
_aMX-MxUPN _bspa _cMX-MxUPN |
||
| 041 | 0 | _aspa | |
| 050 | 1 | 4 |
_aLB1585 M63 _bL47 |
| 100 | 1 |
_aLeal, Mario _928969 |
|
| 245 | 1 | 0 | _aRudimentos de ciencias físicas y naturales para 3 y 4 años de enseñanza primaria |
| 260 |
_aMéxico : _bLibrera Mexicana, _c[1930?]. |
||
| 300 |
_a224 páginas : _bilustraciones |
||
| 650 | 4 |
_aCiencias naturales _xEstudio y enseñanza (Elemental) _92812 |
|
| 650 | 4 |
_aFísica _xEstudio y enseñanza (Elemental) _913642 |
|
| 942 |
_2lcc _cLIBRO |
||
| 999 |
_c52519 _d52519 |
||